000 00932nam a2200205Ia 4500
001 15362
003 GE_BSU
008 181216s||||||||xx |||||||||||||| ||und||
040 _cGE_BSU
080 _a821.222.1-311.3
245 _aყარამანიანი
245 _bსაფალავნო-სათავგადასავლო რომანი
245 _cსპარს. თარგმნ. დ. ორბელიანმა.ტექსტი გამოსაცემად მოამზადეს, წინასიტყვ. და ლექსიკონი დაურთეს ა. გვახარიამ და ს. ცაიშვილმა
260 _aთბილისი
260 _bლიტერატურა და ხელოვნება
260 _c1965
300 _a694გვ.21სმ.
653 _aყარამანიანი
942 _cBK
999 _c48468
_d48468